Catálogo público

Open Channel hydraulics (Record no. 23592)

MARC details
000 -CABECERA
campo de control de longitud fija 01075nam a22003257a 4500
003 - IDENTIFICADOR DEL NÚMERO DE CONTROL
campo de control CHAP
005 - FECHA Y HORA DE LA ÚLTIMA TRANSACCIÓN
campo de control 20220329134640.0
008 - DATOS DE LONGITUD FIJA--INFORMACIÓN GENERAL
campo de control de longitud fija 971013s1959 r 00010 d
010 ## - NÚMERO DE CONTROL DE LA BIBLIOTECA DEL CONGRESO
Número de control de LC 23592
011 ## - ENLACE DEL NUMERO DE CONTROL DE LA BIBLIOTECA DEL CONGRESO [OBSOLETO]
Número de control de LC 24564
035 ## - NÚMERO DE CONTROL DEL SISTEMA
Número de control de sistema 28663
040 ## - FUENTE DE LA CATALOGACIÓN
Centro/agencia transcriptor CHAP
082 ## - NÚMERO DE LA CLASIFICACIÓN DECIMAL DEWEY
Número de clasificación 627.13
Número de documento/Ítem C46
100 00 - ENTRADA PRINCIPAL--NOMBRE DE PERSONA
Nombre de persona Chow, Ven Te.
9 (RLIN) 22893
245 ## - MENCIÓN DE TÍTULO
Título Open Channel hydraulics
260 ## - PUBLICACIÓN, DISTRIBUCIÓN, ETC.
Lugar de publicación, distribución, etc. New York :
Nombre del editor, distribuidor, etc. McGraw-Hill,
Fecha de publicación, distribución, etc. 1959
300 ## - DESCRIPCIÓN FÍSICA
Extensión 680 p.
Otras características físicas : ilus
490 ## - MENCIÓN DE SERIE
Mención de serie International student edition
590 ## - NOTA LOCAL (RLIN)
Nota local BATCH-UPD
Procedencia (VM) [OBSOLETO] 10
Condición del los carretes individuales (VM) [OBSOLETO] 20130110
-- UCH01
-- 0112
590 ## - NOTA LOCAL (RLIN)
Nota local BATCH-UPD
Procedencia (VM) [OBSOLETO] 10
Condición del los carretes individuales (VM) [OBSOLETO] 20130110
-- UCH01
-- 1536
590 ## - NOTA LOCAL (RLIN)
Nota local CONVERSION
Procedencia (VM) [OBSOLETO] 10
Condición del los carretes individuales (VM) [OBSOLETO] 20130109
-- UCH01
-- 1314
650 14 - PUNTO DE ACCESO ADICIONAL DE MATERIA--TÉRMINO DE MATERIA
Término de materia o nombre geográfico como elemento de entrada Canales.
9 (RLIN) 18255
830 0# - PUNTO DE ACCESO ADICIONAL DE SERIE-TÍTULO UNIFORME
Título uniforme International student edition
9 (RLIN) 59845
901 ## - ELEMENTOS DE DATOS A LOCAL LDA (RLIN)
a BK
942 ## - ELEMENTOS DE PUNTO DE ACCESO ADICIONAL (KOHA)
Tipo de ítem Koha Libro
949 ## - PROCESAMIENTO DE INFORMACIÓN LOCAL (OCLC)
a 627.13 C46
b BC
c LIBRO
d -65983
e LIBRO
f c.2
h 27252
i 28663
s i
949 ## - PROCESAMIENTO DE INFORMACIÓN LOCAL (OCLC)
a 627.13 C46
b BC
c LIBRO
d 33724000021523
e LIBRO
f c.4
h 19052
i 28663
s i
949 ## - PROCESAMIENTO DE INFORMACIÓN LOCAL (OCLC)
a 627.13 C46
b BC
c LIBRO
d 33724000021531
e LIBRO
f c.3
h 19051
i 28663
s i
949 ## - PROCESAMIENTO DE INFORMACIÓN LOCAL (OCLC)
a 627.13 C46
b BC
c LIBRO
d 33724000021549
e LIBRO
h 26255
i 28663
s i
Holdings
Estado de retiro Estado de pérdida Fuente del sistema de clasificación o colocación Estado dañado Restricciones de uso No para préstamo Código de colección Localización permanente Ubicación/localización actual Ubicación en estantería Fecha de adquisición Información codificada de la localización en otra ubicación Total de préstamos Signatura topográfica completa Código de barras Fecha visto por última vez Número de copia Precio válido a partir de Tipo de ítem Koha
    Dewey Decimal Classification   Préstamo 15 días   General Biblioteca Central Biblioteca Central Planta principal - Colección General 31/12/2019 LIBRO   627.13 C46 -65983 31/12/2019 c.2 31/12/2019 Libro
    Dewey Decimal Classification   Préstamo 15 días   General Biblioteca Central Biblioteca Central Planta principal - Colección General 31/12/2019 LIBRO   627.13 C46 33724000021523 20/07/2022 c.4 31/12/2019 Libro
    Dewey Decimal Classification   Préstamo 15 días   General Biblioteca Central Biblioteca Central Planta principal - Colección General 31/12/2019 LIBRO   627.13 C46 33724000021531 20/07/2022 c.3 31/12/2019 Libro
    Dewey Decimal Classification   Préstamo 15 días   General Biblioteca Central Biblioteca Central Planta principal - Colección General 31/12/2019 LIBRO   627.13 C46 33724000021549 20/07/2022   31/12/2019 Libro